000 00701nam a22002297a 4500
003 UA-OsUOA
001 66758
007 ta
008 20100127b un ||||| |||| 00| 0 ukr d
100 _aРешетилова О.
700 _aГаркавко Ю.
090 _a908
_bР47
942 _cSA
040 _aUA-OsUOA
_bukr
_cUA-OsUOA
_dUA-OsUOA
245 _a"Хороший український консерватизм". Святкування Дня Соборності в Острозі вже має свої незмінні традиції
300 _aС.8
955 _a0
041 _aukr
080 _a908
773 0 _w66756
650 7 _a908 Краєзнавство
_2UDC
999 _c352897
_d352897